| 000 | 01384cam a2200433Ia 4500 | ||
|---|---|---|---|
| 001 | 8703852 | ||
| 003 | OSt | ||
| 005 | 20180116183027.0 | ||
| 008 | 931221s1994 nyu 000 1 eng d | ||
| 020 |
_a0451453069 : _c$22.00 |
||
| 020 | _a9780451453068 | ||
| 020 | _a0451454162 (pbk.) | ||
| 020 | _a9780451454164 (pbk.) | ||
| 029 | 1 |
_aUNITY _b020727550 |
|
| 029 | 1 |
_aNLGGC _b239108981 |
|
| 029 | 1 |
_aNZ1 _b13307930 |
|
| 029 | 1 |
_aAU@ _b000046378873 |
|
| 029 | 1 |
_aAU@ _b000046448382 |
|
| 035 | _a(OCoLC)ocm29533562 | ||
| 035 |
_a(OCoLC)29533562 _z(OCoLC)31775134 |
||
| 035 | _a(NNC)8703852 | ||
| 040 |
_aIMD _cIMD _dSLC _dOCLCQ _dSXC _dJDP _dBTCTA _dBAKER _dSINLB |
||
| 082 | 0 | 4 |
_a813.54 WUR 1992 _221 |
| 090 |
_aPS3573.U75 _bC87 1994x |
||
| 100 | 1 | _aWurts, Janny. | |
| 245 | 1 | 0 |
_aThe Master of Whitestorm _cJanny Wurts. |
| 260 |
_aNew York : _bGrafton _c1994. |
||
| 300 |
_a413 p. ; _ccm. _bPB |
||
| 440 | _aThe Master of Whitestorm | ||
| 490 | 1 |
_aThe Wars of Light and Shadows ; _vv. 1 |
|
| 500 | _a"A Roc book." | ||
| 520 | _aOnly if two half-brothers, heirs to an ancient blood feud, work together can they lift the curse on the land of Athera. | ||
| 650 | 0 | _aFantasy fiction. | |
| 655 | 7 |
_aFantastic fiction. _2gsafd |
|
| 800 | 1 |
_aWurts, Janny. _tWars of Light and Shadows ; _vv. 1. |
|
| 942 |
_2ddc _cBK |
||
| 948 | 1 |
_a20110609 _bc _cgarecap1 _dRCP |
|
| 999 |
_c350843 _d350843 |
||